| 000 | 00412nam a22001577a 4500 | ||
|---|---|---|---|
| 003 | LK-CoDNM | ||
| 005 | 20240911133927.0 | ||
| 008 | 240903b |||||||| |||| 00| 0 eng d | ||
| 040 |
_aLK-CoDNM _dLK-CoDNM _eLK-CoDNM |
||
| 041 | _hENGLISH | ||
| 080 | _b1768-Vol.16 | ||
| 245 | _aThe new encyclopedia Britannica 1768 volume 16 | ||
| 260 |
_aChicago _c1768 |
||
| 300 | _b994p. : ill , map ; 28 cm | ||
| 942 | _cBK | ||
| 999 |
_c150514 _d150514 |
||